Los hechos del pleito ante la jurisprudencia de la corte de casación
Wedi'i Gadw mewn:
| Fformat: | Llyfr |
|---|---|
| Iaith: | Sbaeneg |
| Cyhoeddwyd: |
Santiago
Cervantes
1920
|
| Pynciau: | |
| Tagiau: |
Ychwanegu Tag
Dim Tagiau, Byddwch y cyntaf i dagio'r cofnod hwn!
|
MARC
| LEADER | 00000nam a2200000 a 4500 | ||
|---|---|---|---|
| 001 | UCS0948 | ||
| 003 | CL-VaPUC | ||
| 008 | 970506e19200000CL |||||||||||||||||spa|d | ||
| 082 | 0 | 4 | |a 347.077 |b HEC |2 21 |
| 245 | 1 | 4 | |a Los hechos del pleito ante la jurisprudencia de la corte de casación |
| 300 | |a 154 p | ||
| 942 | |c BK | ||
| 945 | |d 19970506 00:00:00 |a cmena | ||
| 260 | |a Santiago |b Cervantes |c 1920 | ||
| 650 | 7 | |a CORTE DE CASACION |2 CL-VaPUC |9 384852 | |
| 650 | 0 | |a Derecho civil |9 255013 | |
| 650 | 0 | |a Administración de justicia |9 382749 | |
| 650 | 0 | |a Sentencias |9 256250 | |
| 651 | 7 | |a CHILE |2 CL-VaPUC |9 384854 | |
| 583 | |a last modification |c 19970506 00:00:00 |k Rodrigo Vera | ||
| 999 | |c 259063 |d 259061 | ||
| 952 | |0 0 |1 0 |4 0 |6 347_077000000000000_HEC_1920 |7 0 |8 A |9 283596 |a BIBDER |b BIBDER |d 2019-11-19 |i 183780K |o 347.077 HEC 1920 |p 183780K |r 2023-01-25 |w 2019-11-19 |y BK |k DER | ||